| 000 | 00631nam a22002417a 4500 | ||
|---|---|---|---|
| 003 | UA-OsUOA | ||
| 001 | 30088 | ||
| 007 | ta | ||
| 008 | 20041103b un ||||| |||| 00| 0 ukr d | ||
| 100 | _aПотёмкин Ю.В. | ||
| 090 |
_a911:32(65) _bП64 |
||
| 942 | _cBK | ||
| 040 |
_aUA-OsUOA _brus _cUA-OsUOA _dUA-OsUOA |
||
| 245 | _aАлжир: проблемы развития | ||
| 300 | _a216 с. | ||
| 955 | _a0 | ||
| 041 | _arus | ||
| 080 | _a911:32(65) | ||
| 260 |
_aМосква _bНаука _c1978 |
||
| 044 | _aRU | ||
| 650 | 7 |
_a911 Теоретичнії питання з географії _2UDC |
|
| 999 |
_c316495 _d316495 |
||